[Event "ESP-ch Seniors 65"]
[Site "Altea"]
[Date "2021.11.04"]
[Round "6"]
[White "Campos Aucejo, Vicente"]
[Black "Haag Vetter, Michael Harry"]
[Result "0-1"]
[WhiteElo "1944"]
[BlackElo "1960"]
[PlyCount "138"]
[EventDate "2021.10.31"]
[EventType "swiss"]
[EventRounds "9"]
[EventCountry "ESP"]
[SourceTitle "CBM 205 Extra"]
[Source "ChessBase"]
[SourceDate "2022.01.31"]
[SourceVersion "1"]
[SourceVersionDate "2022.01.31"]
[SourceQuality "1"]

1. Nf3 d5 2. e3 c5 3. b3 Nf6 4. Bb2 a6 5. Be2 Nc6 6. 0-0 Qc7 7. d4 cxd4 8. exd4 Bf5 9. c4 e6 10. Nbd2 Be7 11. Rc1 0-0 12. Nh4 Bg6 13. Nxg6 hxg6 14. Nf3 Rac8 15. c5 Nd7 16. a3 Bf6 17. b4 Rfd8 18. Qb3 g5 19. h3 Qf4 20. Rcd1 g4 21. Bc1 Qf5 22. hxg4 Qxg4 23. Rfe1 g6 24. Be3 Qh5 25. Nh2 Qh8 26. Nf3 Ne7 27. Qd3 Nf5 28. Bg5 Bxg5 29. Nxg5 Qf6 30. Nf3 Kg7 31. g3 Rh8 32. Kg2 Nb8 33. Ne5 Nc6 34. Nxc6 Rxc6 35. Rh1 Rxh1 36. Kxh1 Rc8 37. Kg2 Rh8 38. Bg4 Ne7 39. Qe3 Nc6 40. Qf4 Qxf4 41. gxf4 Kf6 42. Kf3 g5 43. fxg5+ Kxg5 44. Kg3 f5 45. f4+ Kf6 46. Be2 Rg8+ 47. Kf2 Rh8 48. Ke3 Rh2 49. Rd2 Rh1 50. Rd1 Rh3+ 51. Bf3 Rh2 52. Rh1 Ra2 53. Rh6+ Kg7 54. Rh5 Rxa3+ 55. Kf2 Nxd4 56. Rg5+ Kf7 57. Bh5+ Kf8 58. Rg6 Rb3 59. Rf6+ Kg8 60. Rg6+ Kh7 61. Rf6 Rxb4 62. Be8 a5 63. Rf7+ Kg8 64. Rc7 Kf8 65. Rc8 Ke7 66. Ra8 Nc6 67. Bxc6 bxc6 68. Ra7+ Kf6 69. Ra6 Rxf4+ 0-1

[Event "Burjassot U2200 op 7th"]
[Site "Burjassot"]
[Date "2019.09.27"]
[Round "3"]
[White "Campos Aucejo, Vicente"]
[Black "Blanquer Cots, German"]
[Result "1/2-1/2"]
[WhiteElo "2009"]
[BlackElo "1738"]
[PlyCount "101"]
[EventDate "2019.09.06"]
[EventType "swiss"]
[EventRounds "7"]
[EventCountry "ESP"]
[SourceTitle "EXT 2024"]
[Source "ChessBase"]
[SourceDate "2023.10.10"]
[SourceVersion "1"]
[SourceVersionDate "2023.10.10"]
[SourceQuality "1"]

1. Nf3 d5 2. c4 d4 3. b4 f6 4. e3 e5 5. Bb2 dxe3 6. fxe3 Nh6 7. a3 Be6 8. d4 e4 9. Nfd2 f5 10. Nc3 Bd6 11. Qh5+ Bf7 12. Qh3 Qg5 13. c5 Be7 14. Be2 0-0 15. 0-0-0 c6 16. Rdf1 Nd7 17. Ncxe4 fxe4 18. Qxd7 Qxe3 19. Qxe7 Qxe2 20. Qxe4 Qb5 21. Qc2 Ng4 22. Qc3 Bd5 23. Qg3 Nf6 24. Re1 Rae8 25. Re5 Ne4 26. Nxe4 Bxe4 27. Re1 Qc4+ 28. Qc3 Qxc3+ 29. Bxc3 Rxe5 30. dxe5 Bxg2 31. e6 Rf1 32. Kd2 Rxe1 33. Kxe1 Bh3 34. e7 Bd7 35. Be5 Kf7 36. Bd6 Ke6 37. Kd2 g5 38. Ke3 h5 39. Ke4 Be8 40. Kd4 h4 41. h3 Kf7 42. Ke5 Bd7 43. e8Q+ Kxe8 44. Kf6 Bxh3 45. Kxg5 Kf7 46. Kxh4 Bf1 47. Kg3 Ke6 48. Kf2 Bb5 49. Ke3 Kd5 50. Kd2 Kc4 51. Kc2 1/2-1/2

[Event "Burjassot U2200 op 5th"]
[Site "Burjassot"]
[Date "2017.10.06"]
[Round "5"]
[White "Campos Aucejo, Vicente"]
[Black "Llamazares Lopez, Marcos"]
[Result "1-0"]
[WhiteElo "1949"]
[BlackElo "2090"]
[PlyCount "141"]
[EventDate "2017.09.08"]
[EventType "swiss"]
[EventRounds "7"]
[EventCountry "ESP"]
[SourceTitle "EXT 2024"]
[Source "ChessBase"]
[SourceDate "2023.10.10"]
[SourceVersion "1"]
[SourceVersionDate "2023.10.10"]
[SourceQuality "1"]

1. d4 Nf6 2. Bg5 d5 3. Nd2 c5 4. e3 Nc6 5. c3 Bf5 6. Ngf3 Qb6 7. Qb3 c4 8. Qxb6 axb6 9. Bxf6 gxf6 10. e4 Bxe4 11. Nxe4 dxe4 12. Nd2 b5 13. Nxe4 f5 14. Nd2 Bh6 15. Nf3 0-0 16. Be2 e6 17. 0-0 Ne7 18. Ne5 Rfd8 19. Bh5 Ng6 20. Rfe1 Bf4 21. Nf3 Kg7 22. g3 Bc7 23. Bxg6 hxg6 24. a3 Kf6 25. Rad1 Rd5 26. h4 Rad8 27. Kg2 Kg7 28. Rd2 e5 29. Rde2 e4 30. Ng5 Re8 31. f3 exf3+ 32. Kxf3 Rxe2 33. Rxe2 Rd7 34. Re8 Bd6 35. Nh3 f6 36. Nf4 Bxf4 37. Kxf4 Kf7 38. Rb8 Re7 39. Kf3 g5 40. Rc8 b6 41. Rc6 gxh4 42. gxh4 Re4 43. Rxb6 Rxh4 44. Rxb5 Ke6 45. a4 Rh3+ 46. Kg2 Rh8 47. a5 Rg8+ 48. Kf2 Rh8 49. a6 Ra8 50. Ra5 Kd7 51. Kf3 Kc7 52. Rc5+ Kb6 53. Rxc4 Rxa6 54. Kf4 Ra5 55. b4 Ra1 56. Kxf5 Rf1+ 57. Ke4 f5+ 58. Ke3 Re1+ 59. Kf2 Rc1 60. Rc5 Rc2+ 61. Kf3 Rc1 62. c4 Rd1 63. d5 Rb1 64. Rc6+ Kb7 65. b5 Rf1+ 66. Ke2 Rc1 67. c5 f4 68. b6 Rh1 69. Rc7+ Kb8 70. Rf7 Rh5 71. c6 1-0

[Event "Burjassot U2200 op 5th"]
[Site "Burjassot"]
[Date "2017.09.15"]
[Round "2"]
[White "Monros Mari, Jose Luis"]
[Black "Campos Aucejo, Vicente"]
[Result "0-1"]
[WhiteElo "1536"]
[BlackElo "1949"]
[PlyCount "55"]
[EventDate "2017.09.08"]
[EventType "swiss"]
[EventRounds "7"]
[EventCountry "ESP"]
[SourceTitle "EXT 2024"]
[Source "ChessBase"]
[SourceDate "2023.10.10"]
[SourceVersion "1"]
[SourceVersionDate "2023.10.10"]
[SourceQuality "1"]

1. Nf3 Nf6 2. c4 e6 3. g3 b6 4. Bg2 Bb7 5. 0-0 Be7 6. Nc3 0-0 7. d3 d5 8. cxd5 exd5 9. d4 Nbd7 10. Bf4 Nh5 11. Bd2 f5 12. Ne5 Nxe5 13. dxe5 c6 14. e3 g6 15. Ne2 Qe8 16. a3 a5 17. f4 Ng7 18. b4 axb4 19. axb4 Qd7 20. Qb3 Ba6 21. Kf2 Ne6 22. Rfc1 Bc4 23. Qb2 Qb7 24. Bc3 Bxe2 25. Kxe2 Ra6 26. b5 Rxa1 27. bxc6 Qa6+ 28. Kf3 0-1

[Event "Valencia Region-ch"]
[Site "Valencia"]
[Date "2016.11.05"]
[Round "5"]
[White "Campos Aucejo, Vicente"]
[Black "Morello Ostos, Domingo"]
[Result "1-0"]
[WhiteElo "2022"]
[BlackElo "1959"]
[PlyCount "49"]
[EventDate "2016.10.01"]
[EventType "swiss"]
[EventRounds "7"]
[EventCountry "ESP"]
[SourceTitle "EXT 2024"]
[Source "ChessBase"]
[SourceDate "2023.10.10"]
[SourceVersion "1"]
[SourceVersionDate "2023.10.10"]
[SourceQuality "1"]

1. d4 Nf6 2. c4 c5 3. d5 e6 4. Nc3 exd5 5. cxd5 d6 6. e4 g6 7. Nf3 Bg7 8. Bd3 0-0 9. 0-0 Bg4 10. h3 Bxf3 11. Qxf3 Nbd7 12. Qd1 a6 13. a4 Re8 14. Bf4 Qc7 15. Re1 Rab8 16. a5 c4 17. Bf1 Nc5 18. e5 dxe5 19. d6 Qc6 20. Bxe5 Ncd7 21. Bh2 Rxe1 22. Qxe1 Ne8 23. Rd1 Bf8 24. Nd5 Nxd6 25. Ne7+ 1-0

[Event "Valencia Region-ch"]
[Site "Valencia"]
[Date "2016.10.29"]
[Round "4"]
[White "Grau Dominguez, Enric"]
[Black "Campos Aucejo, Vicente"]
[Result "0-1"]
[WhiteElo "2036"]
[BlackElo "2022"]
[PlyCount "64"]
[EventDate "2016.10.01"]
[EventType "swiss"]
[EventRounds "7"]
[EventCountry "ESP"]
[SourceTitle "EXT 2024"]
[Source "ChessBase"]
[SourceDate "2023.10.10"]
[SourceVersion "1"]
[SourceVersionDate "2023.10.10"]
[SourceQuality "1"]

1. c4 e6 2. g3 d5 3. Bg2 Nf6 4. Nf3 c6 5. b3 Nbd7 6. Bb2 Bd6 7. 0-0 e5 8. cxd5 cxd5 9. Nc3 0-0 10. Nb5 Bb8 11. Ba3 Re8 12. Nd6 Re6 13. Nxf7 Qa5 14. N7g5 Re8 15. Bb2 h6 16. Nh3 Nf8 17. d4 e4 18. Ne5 Ng4 19. Nxg4 Bxg4 20. f3 exf3 21. exf3 Bf5 22. a3 Bd6 23. b4 Qb5 24. Re1 Rxe1+ 25. Qxe1 Re8 26. Qc3 Rc8 27. Qb3 Rc2 28. Bf1 Qd7 29. Nf2 Qc7 30. Rc1 Rxc1 31. Bxc1 Qxc1 32. Qxd5+ Be6 0-1

[Event "Valencia Region-ch"]
[Site "Valencia"]
[Date "2016.10.01"]
[Round "1"]
[White "Campos Aucejo, Vicente"]
[Black "Silva Rodriguez, Fernando"]
[Result "0-1"]
[WhiteElo "2022"]
[BlackElo "2265"]
[PlyCount "92"]
[EventDate "2016.10.01"]
[EventType "swiss"]
[EventRounds "7"]
[EventCountry "ESP"]
[SourceTitle "EXT 2024"]
[Source "ChessBase"]
[SourceDate "2023.10.10"]
[SourceVersion "1"]
[SourceVersionDate "2023.10.10"]
[SourceQuality "1"]

1. Nf3 d5 2. g3 Nf6 3. Bg2 e6 4. c4 d4 5. 0-0 c5 6. e3 Nc6 7. exd4 cxd4 8. d3 Bd6 9. Na3 0-0 10. Nc2 e5 11. b4 Re8 12. b5 Nb8 13. Re1 a6 14. a4 axb5 15. axb5 Rxa1 16. Nxa1 Nbd7 17. Nb3 b6 18. Nh4 Qc7 19. Nf5 Bb4 20. Bd2 Bf8 21. Bc6 Bb7 22. Qf3 Bxc6 23. bxc6 Nb8 24. Nh6+ Kh8 25. Bg5 Re6 26. Nxd4 exd4 27. Rxe6 fxe6 28. Bxf6 Qxc6 29. Qf4 Qe8 30. Bxd4 Nd7 31. Nf7+ Kg8 32. Ne5 Bd6 33. Qe3 Nxe5 34. Bxe5 Bxe5 35. Qxe5 Qc6 36. Qb5 Qxb5 37. cxb5 Kf7 38. f4 Ke7 39. Kf2 Kd6 40. Ke3 Kc5 41. g4 Kxb5 42. f5 exf5 43. gxf5 Kc5 44. d4+ Kd5 45. h4 b5 46. h5 h6 0-1

[Event "Mislata op 50th"]
[Site "Mislata"]
[Date "2016.08.14"]
[Round "9"]
[White "Campos Aucejo, Vicente"]
[Black "Moronta Furio, Diego"]
[Result "1-0"]
[WhiteElo "2042"]
[BlackElo "1839"]
[PlyCount "85"]
[EventDate "2016.08.08"]
[EventType "swiss"]
[EventRounds "9"]
[EventCountry "ESP"]
[SourceTitle "EXT 2017"]
[Source "ChessBase"]
[SourceDate "2016.10.25"]
[SourceVersion "1"]
[SourceVersionDate "2016.10.25"]
[SourceQuality "1"]

1. Nf3 c5 2. e3 g6 3. d4 Bg7 4. c3 Nf6 5. Nbd2 cxd4 6. exd4 0-0 7. Bd3 Nc6 8. 0-0 d6 9. Re1 Nd5 10. Ne4 a6 11. a4 e5 12. Qb3 Nf4 13. Bxf4 exf4 14. Qa3 d5 15. Nd6 Rb8 16. Nxc8 Qxc8 17. Qd6 Qd8 18. Qxf4 Qb6 19. b4 Rbe8 20. h4 Nd8 21. Ne5 Ne6 22. Qf3 Qd6 23. Re2 Rc8 24. Bc2 Qc7 25. Ra3 Bh6 26. g3 Qd6 27. Ng4 Bc1 28. Rb3 f5 29. Ne5 Ng7 30. Rb1 Bh6 31. Bb3 Rcd8 32. Rbe1 Ne8 33. Nd3 Nf6 34. Re5 Kh8 35. Nc5 Rf7 36. Re6 Qc7 37. R1e5 b6 38. Rxf6 Rxf6 39. Ne6 Rxe6 40. Rxe6 Bd2 41. Bxd5 Bxc3 42. Rc6 Qd7 43. Be6 1-0

[Event "Mislata op 50th"]
[Site "Mislata"]
[Date "2016.08.11"]
[Round "5"]
[White "Campos Aucejo, Vicente"]
[Black "Carrasco Sagredo, Manuel"]
[Result "1-0"]
[WhiteElo "2042"]
[BlackElo "2113"]
[PlyCount "51"]
[EventDate "2016.08.08"]
[EventType "swiss"]
[EventRounds "9"]
[EventCountry "ESP"]
[SourceTitle "EXT 2017"]
[Source "ChessBase"]
[SourceDate "2016.10.25"]
[SourceVersion "1"]
[SourceVersionDate "2016.10.25"]
[SourceQuality "1"]

1. Nf3 Nf6 2. c4 c5 3. g3 Nc6 4. Bg2 d5 5. cxd5 Nxd5 6. Nc3 Nc7 7. 0-0 e5 8. d3 Rb8 9. a4 Be7 10. Be3 f6 11. Rc1 Nd4 12. Ne4 b6 13. b4 Be6 14. bxc5 Bb3 15. Qd2 bxc5 16. Nxc5 Bxc5 17. Rxc5 Nce6 18. Bxd4 exd4 19. Ra5 0-0 20. Rxa7 Nc5 21. Rc1 Nxa4 22. Rcc7 Rf7 23. Rxf7 Bxf7 24. Rxa4 Rb1+ 25. Ne1 Bb3 26. Ra8 1-0

[Event "Mislata op 50th"]
[Site "Mislata"]
[Date "2016.08.08"]
[Round "1"]
[White "Quispe Arteaga, Gabriel"]
[Black "Campos Aucejo, Vicente"]
[Result "1-0"]
[WhiteElo "2218"]
[BlackElo "2042"]
[PlyCount "101"]
[EventDate "2016.08.08"]
[EventType "swiss"]
[EventRounds "9"]
[EventCountry "ESP"]
[SourceTitle "CBM 173 Extra"]
[Source "ChessBase"]
[SourceDate "2016.08.29"]
[SourceVersion "1"]
[SourceVersionDate "2016.08.29"]
[SourceQuality "1"]

1. d4 Nf6 2. Nf3 b6 3. e3 Bb7 4. Bd3 e6 5. 0-0 Be7 6. b3 0-0 7. Bb2 d5 8. Nbd2 Nbd7 9. c4 Ne4 10. Rc1 f5 11. Qc2 Rc8 12. Rfd1 Qe8 13. Ne5 Nxe5 14. dxe5 Qh5 15. f3 Nxd2 16. Qxd2 c5 17. cxd5 Bxd5 18. Qe2 Rfd8 19. Rd2 Qg5 20. Rcd1 h5 21. f4 Qg6 22. h3 h4 23. Bc1 Qg3 24. Bxf5 Rf8 25. Rxd5 Rxf5 26. Rd7 Bf8 27. Qg4 c4 28. Qxg3 hxg3 29. Rd8 Rxd8 30. Rxd8 cxb3 31. axb3 Kh7 32. Kf1 Rf7 33. Bd2 a5 34. Ke2 Bc5 35. Re8 Kg6 36. e4 Re7 37. Rxe7 Bxe7 38. Kf3 Bd8 39. Kxg3 b5 40. Kf3 a4 41. bxa4 bxa4 42. Bb4 Kf7 43. Ke3 g5 44. f5 Bc7 45. Kd4 Bb6+ 46. Kc4 Be3 47. Kb5 Bd4 48. g4 Bxe5 49. Kxa4 exf5 50. gxf5 Kf6 51. Kb5 1-0

[Event "Burjassot U2200 op 3rd"]
[Site "Burjassot"]
[Date "2015.10.02"]
[Round "4.1"]
[White "Campos Aucejo, Vicente"]
[Black "Serra Gonzalez, Eugeni"]
[Result "1-0"]
[WhiteElo "2078"]
[BlackElo "1730"]
[PlyCount "67"]
[EventDate "2015.09.11"]
[EventType "swiss"]
[EventRounds "7"]
[EventCountry "ESP"]
[SourceTitle "EXT 2024"]
[Source "ChessBase"]
[SourceDate "2023.10.10"]
[SourceVersion "1"]
[SourceVersionDate "2023.10.10"]
[SourceQuality "1"]

1. Nf3 d5 2. g3 Bf5 3. Bg2 e6 4. d3 Nf6 5. 0-0 h6 6. Nbd2 Be7 7. c3 c5 8. Nh4 Bh7 9. e4 0-0 10. Qe2 Nc6 11. Re1 Rc8 12. f4 Re8 13. e5 Nd7 14. Nhf3 b5 15. a4 b4 16. c4 dxc4 17. dxc4 Nd4 18. Nxd4 cxd4 19. Ne4 Nc5 20. Bd2 a5 21. Kh1 Qc7 22. Nxc5 Bxc5 23. b3 Bc2 24. Qf3 d3 25. f5 exf5 26. Qxf5 Bd4 27. Rac1 Bxe5 28. Bd5 Bf6 29. Bf4 Qa7 30. Be4 Rxe4 31. Qxc8+ Kh7 32. Qf5+ g6 33. Qxe4 d2 34. Qxc2 1-0

[Event "Mislata op-B 23rd"]
[Site "Mislata"]
[Date "2015.08.10"]
[Round "1.1"]
[White "Campos Aucejo, Vicente"]
[Black "Catala Alos, Jorge M"]
[Result "1-0"]
[WhiteElo "2098"]
[BlackElo "1888"]
[PlyCount "67"]
[EventDate "2015.08.10"]
[EventType "swiss"]
[EventRounds "9"]
[EventCountry "ESP"]
[SourceTitle "EXT 2024"]
[Source "ChessBase"]
[SourceDate "2023.10.10"]
[SourceVersion "1"]
[SourceVersionDate "2023.10.10"]
[SourceQuality "1"]

1. Nf3 d6 2. d4 g6 3. c4 Bg7 4. Nc3 Nf6 5. e4 Nbd7 6. Be2 0-0 7. 0-0 c6 8. Qc2 Re8 9. Rd1 Qc7 10. h3 e5 11. dxe5 dxe5 12. Be3 Nf8 13. Bc5 N6d7 14. Bd6 Qd8 15. c5 Qf6 16. Bc4 Ne6 17. Ne2 Nf4 18. Nxf4 Qxf4 19. Rd3 Nf8 20. Nh2 Ne6 21. Rf3 Qh4 22. Rd1 Ng5 23. Re3 Be6 24. Nf3 Nxf3+ 25. Rxf3 Bxc4 26. Qxc4 Re6 27. Qb3 Bf6 28. Qxb7 Rae8 29. Qxc6 Rd8 30. Rdd3 Qg5 31. Qc7 Qc1+ 32. Kh2 Qg5 33. Rxf6 Qxf6 34. Rf3 1-0

[Event "Quart de Poblet op 2nd"]
[Site "Quart de Poblet"]
[Date "2014.07.19"]
[Round "2"]
[White "Campos Aucejo, Vicente"]
[Black "Soria Martinez, Sergio"]
[Result "1-0"]
[WhiteElo "2136"]
[BlackElo "1867"]
[PlyCount "73"]
[EventDate "2014.07.19"]
[EventType "swiss"]
[EventRounds "7"]
[EventCountry "ESP"]
[SourceTitle "CBM 161 Extra"]
[Source "ChessBase"]
[SourceDate "2014.08.29"]
[SourceVersion "1"]
[SourceVersionDate "2014.08.29"]
[SourceQuality "1"]

1. d4 d5 2. Nf3 Nf6 3. c4 e6 4. Nc3 c6 5. e3 Bd6 6. Bd3 0-0 7. 0-0 Nbd7 8. e4 dxe4 9. Nxe4 Be7 10. Nc3 Qc7 11. Re1 b6 12. Bg5 h6 13. Bh4 Bb7 14. Rc1 Rfe8 15. Bg3 Bd6 16. Ne5 Rad8 17. Qe2 a6 18. Ne4 Nxe4 19. Qxe4 Nf6 20. Qh4 c5 21. dxc5 bxc5 22. Rc3 Qe7 23. Bc2 Bc7 24. Ba4 Rd4 25. Bxe8 Rxh4 26. Bxf7+ Kh7 27. Bg6+ Kh8 28. Bxh4 Ba5 29. Rd1 Bxc3 30. Rd8+ Qxd8 31. Nf7+ Kg8 32. Nxd8 Be4 33. Bxe4 Nxe4 34. bxc3 Nxc3 35. Nxe6 Nxa2 36. Nxc5 g5 37. Bg3 1-0

[Event "Quart de Poblet Sub2300 1st"]
[Site "Quart de Poblet"]
[Date "2013.07.28"]
[Round "7.12"]
[White "Arambul Ripolles, Javier"]
[Black "Campos Aucejo, Vicente"]
[Result "0-1"]
[WhiteElo "1742"]
[BlackElo "2197"]
[PlyCount "60"]
[EventDate "2013.07.20"]
[EventType "swiss"]
[EventRounds "7"]
[EventCountry "ESP"]
[SourceTitle "EXT 2024"]
[Source "ChessBase"]
[SourceDate "2023.10.10"]
[SourceVersion "1"]
[SourceVersionDate "2023.10.10"]
[SourceQuality "1"]

1. e4 d6 2. d4 Nf6 3. Nc3 g6 4. Nf3 Bg7 5. Bd3 0-0 6. h3 a6 7. 0-0 b5 8. e5 dxe5 9. dxe5 Nfd7 10. Qe2 Nc5 11. Rd1 Qe8 12. Bf4 Bb7 13. Ne4 Ne6 14. Bg3 Nd7 15. Neg5 Ndc5 16. Be4 Nxe4 17. Nxe4 Qc6 18. Nc3 Rad8 19. Rxd8 Rxd8 20. Rd1 Nd4 21. Qe3 Nxf3+ 22. gxf3 Rxd1+ 23. Nxd1 Qxc2 24. Qe1 Bxf3 25. Ne3 Qxb2 26. Ng2 Qxa2 27. e6 Qxe6 28. Qxe6 fxe6 29. Bxc7 Bxg2 30. Kxg2 b4 0-1

[Event "Cullera op-A"]
[Site "Cullera"]
[Date "2006.07.27"]
[Round "8"]
[White "Campos Aucejo, Vicente"]
[Black "Ramirez Rus, Esteban"]
[Result "1-0"]
[WhiteElo "2254"]
[BlackElo "2025"]
[PlyCount "55"]
[EventDate "2006.07.20"]
[EventType "swiss"]
[EventRounds "9"]
[EventCountry "ESP"]
[SourceTitle "EXT 2007"]
[Source "ChessBase"]
[SourceDate "2006.11.23"]
[SourceVersion "1"]
[SourceVersionDate "2006.11.23"]
[SourceQuality "1"]

1. c4 g6 2. Nc3 Bg7 3. d4 c6 4. e4 d6 5. Nf3 Bg4 6. Be2 Nd7 7. h3 Bxf3 8. Bxf3 Qb6 9. Be3 Qxb2 10. Rc1 Qb6 11. 0-0 Qc7 12. e5 dxe5 13. d5 f5 14. dxc6 bxc6 15. Nb5 Qb7 16. Rb1 Nb6 17. Nxa7 e4 18. Bxb6 Rxa7 19. Qd8+ Kf7 20. Bxa7 Qxa7 21. Bd1 Nf6 22. Qb6 Qxa2 23. Bb3 Qa8 24. c5+ Nd5 25. Bxd5+ cxd5 26. c6 Rc8 27. Rfc1 Be5 28. Qc5 1-0

[Event "Cullera op-A"]
[Site "Cullera"]
[Date "2006.07.20"]
[Round "1"]
[White "Campos Aucejo, Vicente"]
[Black "Alcaraz Ortega, Javier"]
[Result "1-0"]
[WhiteElo "2254"]
[BlackElo "2031"]
[PlyCount "59"]
[EventDate "2006.07.20"]
[EventType "swiss"]
[EventRounds "9"]
[EventCountry "ESP"]
[SourceTitle "EXT 2007"]
[Source "ChessBase"]
[SourceDate "2006.11.23"]
[SourceVersion "1"]
[SourceVersionDate "2006.11.23"]
[SourceQuality "1"]

1. d4 d5 2. Nf3 c6 3. c4 Nf6 4. Nc3 a6 5. e3 b5 6. cxb5 cxb5 7. Ne5 Nbd7 8. f4 e6 9. Bd3 Bb7 10. a3 Bd6 11. Qf3 b4 12. axb4 Bxb4 13. 0-0 Bxc3 14. bxc3 0-0 15. Ba3 Re8 16. c4 dxc4 17. Bxh7+ Nxh7 18. Qxb7 Nxe5 19. fxe5 f6 20. Bd6 f5 21. Rxa6 Rxa6 22. Qxa6 Qc8 23. Qa4 Ng5 24. Rc1 c3 25. Bb4 Ne4 26. Bxc3 Nxc3 27. Rxc3 Qxc3 28. Qxe8+ Kh7 29. Qh5+ Kg8 30. Qe2 1-0

[Event "Cullera op 26th"]
[Site "Cullera"]
[Date "2005.07.29"]
[Round "8.6"]
[White "Grau Dominguez, Enric"]
[Black "Campos Aucejo, Vicente"]
[Result "1/2-1/2"]
[WhiteElo "2151"]
[BlackElo "2207"]
[PlyCount "86"]
[EventDate "2005.07.21"]
[EventType "swiss"]
[EventRounds "9"]
[EventCountry "ESP"]
[SourceTitle "CBM 107 Extra"]
[Source "ChessBase"]
[SourceDate "2005.09.01"]
[SourceVersion "1"]
[SourceVersionDate "2005.09.01"]
[SourceQuality "1"]

1. e4 c6 2. d4 d5 3. e5 Bf5 4. Be3 e6 5. Nd2 Qb6 6. Nb3 Nd7 7. f4 h5 8. Rc1 a5 9. a4 Ne7 10. Nf3 c5 11. dxc5 Qb4+ 12. c3 Qxa4 13. Nfd4 Qa2 14. Nb5 Bg4 15. Qc2 Nf5 16. Bf2 a4 17. N3d4 Bxc5 18. Nc7+ Ke7 19. Nxa8 Rxa8 20. Qb1 Qxb1 21. Rxb1 Nxd4 22. Bxd4 Bf5 23. Rc1 a3 24. bxa3 Rxa3 25. Bb5 b6 26. Rf1 Ra5 27. Be2 Ra2 28. Rf2 Ba3 29. Rd1 Nc5 30. Bb5 Rb2 31. Rxb2 Bxb2 32. Rd2 Bc1 33. Ra2 Bxf4 34. Ra7+ Kd8 35. g3 Bh6 36. Rxf7 g6 37. Rh7 Bc1 38. Kd1 Bg5 39. h4 Be7 40. Ke1 Bg4 41. Be3 Bf5 42. Rh8+ Kc7 43. Rh7 Kd8 1/2-1/2

[Event "Silla op 4th"]
[Site "Silla"]
[Date "2003.12.19"]
[Round "1"]
[White "Sala Espi, Antonio"]
[Black "Campos Aucejo, Vicente"]
[Result "0-1"]
[WhiteElo "1848"]
[BlackElo "2253"]
[PlyCount "93"]
[EventDate "2003.12.19"]
[EventType "swiss"]
[EventRounds "7"]
[EventCountry "ESP"]
[SourceTitle "CBM 097 Extra"]
[Source "ChessBase"]
[SourceDate "2004.01.13"]
[SourceVersion "1"]
[SourceVersionDate "2004.01.13"]
[SourceQuality "1"]

1. c4 e5 2. Nc3 Nf6 3. g3 Nc6 4. Bg2 Bc5 5. d3 0-0 6. Nf3 h6 7. 0-0 d5 8. cxd5 Nxd5 9. Ne4 Bb6 10. Bd2 f5 11. Nc3 Nf6 12. Qc1 Kh7 13. Qc2 Qe8 14. a3 Bd7 15. h3 Nd4 16. Qd1 Bc6 17. e3 Nxf3+ 18. Bxf3 Rd8 19. Be2 Qe6 20. Kh2 g5 21. b4 Nd5 22. Qb3 Nf4 23. Qxe6 Nxe6 24. Rad1 Kg6 25. Bc1 h5 26. a4 a6 27. Ba3 Rf7 28. d4 exd4 29. Bc4 Kf6 30. exd4 Rxd4 31. Nd5+ Bxd5 32. Bxd5 Rd7 33. Rxd4 Nxd4 34. Bxb7 c6 35. Bxa6 Ra7 36. b5 cxb5 37. axb5 Nxb5 38. Bb2+ Bd4 39. Bxb5 Bxb2 40. Be2 h4 41. Rb1 Bd4 42. Kg2 Ra2 43. Kf1 hxg3 44. fxg3 Ra3 45. Kg2 Ra2 46. Kf1 Ra3 47. Kg2 0-1